Challenges Encountered by the senior citizens in Payatas B, Quezon City during the Covid-19 pandemic/ (Record no. 82035)
[ view plain ]
| 000 -LEADER | |
|---|---|
| fixed length control field | 02769nam a22002297a 4500 |
| 003 - CONTROL NUMBER IDENTIFIER | |
| control field | URS |
| 005 - DATE AND TIME OF LATEST TRANSACTION | |
| control field | 20250206174204.0 |
| 008 - FIXED-LENGTH DATA ELEMENTS--GENERAL INFORMATION | |
| fixed length control field | 250206b |||||||| |||| 00| 0 eng d |
| 050 00 - LIBRARY OF CONGRESS CALL NUMBER | |
| Classification number | LG 221.R59 |
| Item number | .C3525 2023 |
| 100 1# - MAIN ENTRY--PERSONAL NAME | |
| Personal name | Abejero, Norayln L. |
| Relator term | Researcher |
| 245 10 - TITLE STATEMENT | |
| Title | <a href="Challenges Encountered by the senior citizens in Payatas B, Quezon City during the Covid-19 pandemic/">Challenges Encountered by the senior citizens in Payatas B, Quezon City during the Covid-19 pandemic/</a> |
| Statement of responsibility, etc | Noralyn L. Abejero, Franz Eg G. Almazan, Inva Victoria O. Capio, Mary Grace F. Liabres [and] Lenel B. Mina |
| 260 #1 - PUBLICATION, DISTRIBUTION, ETC. (IMPRINT) | |
| Date of publication, distribution, etc | 2023 |
| 300 ## - PHYSICAL DESCRIPTION | |
| Extent | xi, 57 leaves; |
| Other physical details | illustrations, |
| Dimensions | 28cm. |
| 336 ## - CONTENT TYPE | |
| Source | rdacontent |
| Content type term | text |
| 337 ## - MEDIA TYPE | |
| Source | rdamedia |
| Media type term | unmediated |
| 338 ## - CARRIER TYPE | |
| Source | rdacarrier |
| Carrier type term | volume |
| 502 ## - DISSERTATION NOTE | |
| Dissertation note | Undergraduate theses<br/> |
| Degree type | Bachelor of Science in Social Work |
| Name of granting institution | University of Rizal System Rodriguez, Rizal <br/> |
| Year degree granted | year of 2023 |
| 520 ## - SUMMARY, ETC. | |
| Summary, etc | This research study intented to discover challenges encountered by the senior citizens in Payatas B, Quezon City during the COVID-19 pandemic. The study used the qualitative research method, utilizing the questionnaire as the primary data gathering tool. An interview was conducted to find out what was the overall experience of the senior citizens during the outbreak of the pandemic. The researchers interviewed twenty senior citizens residing in Payatas B, Quezon City. They used certain questions like the background information of the respondents, the challenges encountered by the senior citizens in terms of physical, social and emotional and lastly, the suggestions and recommendations of the respondents in order to address their needs.<br/><br/>The study revealed that the challenges that have been encountered by the senior citizens during COVID-19 pandemic are the following: first when it comes to physical, some of them have an existing illness like high blood, cold, cough, diabetes and asthma, When it comes to social the COVID-19 pandemic most of the respondents experienced difficulties in socializing with their families, friends, and neighborhood. Emotionally, most of the respondents felt that they were scared and nervous because they might get infected. They also felt worried for the sake of their family. The common suggestions and recommendations of senior citizens are mostly about monthly cash assistance, medicine for their maintenance, recreational courts for other activities and for the safety of the senior citizens that will use the facility, and provide a lot of services that all senior citizens can acquired. Therefore, the researchers conclude that our local government should see the situation our senior citizens experienced |
| 650 ## - SUBJECT ADDED ENTRY--TOPICAL TERM | |
| Source of heading or term | discover challenges encountered by the senior citizens |
| 700 ## - ADDED ENTRY--PERSONAL NAME | |
| Personal name | Franz Eg G. Almazan, Inva Victoria O. Capio, Mary Grace F. Liabres [and] Lenel B. Mina |
| Relator term | Researchers |
| 942 ## - ADDED ENTRY ELEMENTS (KOHA) | |
| Source of classification or shelving scheme | Library of Congress Classification |
| Koha item type | Theses and dissertations |
| Withdrawn status | Source of classification or shelving scheme | Damaged status | Not for loan | Home library | Current library | Shelving location | Date acquired | Total Checkouts | Full call number | Barcode | Date last seen | Copy number | Price effective from | Koha item type |
|---|---|---|---|---|---|---|---|---|---|---|---|---|---|---|
| Library of Congress Classification | Not For Loan | Rodriguez College Library | Rodriguez College Library | Undergraduate Theses | 02/06/2025 | LG 221.R59 .C3525 2023 | URSROD-UGT-SW-0820 | 02/06/2025 | 1 | 02/06/2025 | Theses and dissertations |